00585 a2200205 4500003000500000005001700005008004100022020002300063020002300086040000900109082001300118100001900131245009500150250001300245260003900258300002200297490001800319700002300337700001900360NUST20180118110448.0170817b xxu||||| |||| 00| 0 eng d a978-81-8317-9027-4 a978-81-8317-9027-4 cNUST a530bYOU1 aYoung, Hugh D.10aUniversity physics with modern physics /cHugh D. Young, Roger A. Freedman, A. Lewis Ford. a13th ed. a[S.l.] :bPearson Educationc2013. a1600 p. ;c28 cm.1 a13th edition. aFreedman, Roger A. aFord, A. Lewis